000
00299nam a2200133Ia 4500
008
231129s1982||||xx |||||||||||||| ||spa||
040
_b
spa
082
_a
R 366.10202 L392ma
100
_a
Lavagnini Aldo
245
0
_a
Manual del aprendiz
260
_c
1982
264
_a
Kier.
942
_2
ddc
_c
BKS
999
_c
20475
_d
20475